Building study (Record no. 79038)
[ view plain ]
| 000 -LEADER | |
|---|---|
| fixed length control field | 00708cab a22001935a 4500 |
| 001 - CONTROL NUMBER | |
| control field | L139282 |
| 008 - FIXED-LENGTH DATA ELEMENTS--GENERAL INFORMATION | |
| fixed length control field | 070724e20070719xxkoe f 000 0 eng d |
| 035 ## - SYSTEM CONTROL NUMBER | |
| System control number | (Sirsi) u139282 |
| 041 0# - LANGUAGE CODE | |
| Language code of text/sound track or separate title | eng |
| 100 1# - MAIN ENTRY--PERSONAL NAME | |
| Personal name | Powell, Kenneth |
| 245 00 - TITLE STATEMENT | |
| Title | Building study |
| Remainder of title | Grimshaw/UCL Cancer Institute |
| 260 ## - PUBLICATION, DISTRIBUTION, ETC. | |
| Date of publication, distribution, etc. | 2007 |
| 490 #0 - SERIES STATEMENT | |
| Series statement | Architects' Journal |
| Volume/sequential designation | 19 July 2007, 24-35(12) |
| 520 ## - SUMMARY, ETC. | |
| Summary, etc. | Reports on the architecture, design and costing of the UCL Cancer Institute, London. Contains building costs, layout plans, working details and project credits. The total cost (based on tender sum) was £19 673 616. |
| 590 ## - LOCAL NOTE (RLIN) | |
| Local note | KA |
| 651 #4 - SUBJECT ADDED ENTRY--GEOGRAPHIC NAME | |
| Geographic name | United Kingdom |
| Chronological subdivision | |
| 690 ## - LOCAL SUBJECT ADDED ENTRY--TOPICAL TERM (OCLC, RLIN) | |
| Topical term or geographic name as entry element | BUILT ENVIRONMENT-BUILDING COSTS |
| 942 ## - ADDED ENTRY ELEMENTS (KOHA) | |
| Suppress in OPAC | 0 |
| Withdrawn status | Lost status | Source of classification or shelving scheme | Damaged status | Not for loan | Home library | Current library | Shelving location | Date acquired | Total Checkouts | Full call number | Barcode | Date last seen | Copy number | Price effective from | Koha item type |
|---|---|---|---|---|---|---|---|---|---|---|---|---|---|---|---|
| Dewey Decimal Classification | London | London | Journal article | 24/07/2007 | L139282 | 139282-1001 | 06/08/2019 | 1 | 06/08/2019 | Journal article |